[Event "2016 Redpath Mining Millionaire Chess Open"]
[Site "Venue: Old Ed’s Sports Complex, Houghton, Johannesburg"]
[Date "2016.07.16"]
[Round "7"]
[Board "5"]
[White "Hercules, Benjamin Vincent"]
[Black "February, Jesse Nikki"]
[Result "1-0"]
[WhiteElo "2127"]
[BlackElo "1906"]
[PlyCount "0"]
[EventDate "2016.07.13"]
[EventRounds "9"]
[EventCountry "RSA"]

1. d4 Nf6 2. c4 e6 3. Nc3 d5 4. Bf4 c6 5. Nf3 Nbd7 6. e3 {[%clk 1:29:27]} Be7 7.
h3 O-O {[%clk 1:30:09]} 8. c5 {[%clk 1:29:41]} b6 {[%clk 1:23:55]} 9. b4
{[%clk 1:29:15]} bxc5 {[%clk 1:22:31]} 10. bxc5 {[%clk 1:29:15]} Qa5
{[%clk 1:22:08]} 11. Qd2 {[%clk 1:28:26]} Ba6 {[%clk 1:14:59]} 12. Nxd5
{[%clk 1:20:06]} Qxd2+ {[%clk 1:12:25]} 13. Kxd2 {[%clk 1:17:51]} Nxd5
{[%clk 1:11:37]} 14. Bxa6 {[%clk 1:18:18]} Nxf4 {[%clk 1:11:53]} 15. exf4
{[%clk 1:18:46]} Rfd8 {[%clk 1:10:28]} 16. Ke3 {[%clk 1:16:46]} Rab8
{[%clk 1:07:03]} 17. Rab1 {[%clk 1:15:23]} Nf6 {[%clk 1:03:30]} 18. Ne5
{[%clk 1:02:59]} Nd5+ {[%clk 1:02:23]} 19. Kf3 {[%clk 1:03:14]} Nc3
{[%clk 0:35:24]} 20. Rxb8 {[%clk 1:00:40]} Rxb8 {[%clk 0:35:49]} 21. Nxc6
{[%clk 1:01:01]} Re8 {[%clk 0:35:06]} 22. Nxe7+ {[%clk 0:57:30]} Rxe7
{[%clk 0:35:26]} 23. Bc4 {[%clk 0:57:27]} Rb7 {[%clk 0:32:48]} 24. Rc1
{[%clk 0:53:31]} Na4 {[%clk 0:32:58]} 25. Bb3 {[%clk 0:53:43]} Nb2
{[%clk 0:31:46]} 26. Ke4 1-0

[Event "2016 Redpath Mining Millionaire Chess Open"]
[Site "Venue: Old Ed’s Sports Complex, Houghton, Johannesburg"]
[Date "2016.07.16"]
[Round "7"]
[Board "6"]
[White "Mwale, Joseph"]
[Black "Marais, Daniel"]
[Result "1-0"]
[WhiteElo "2076"]
[BlackElo "1771"]
[PlyCount "0"]
[EventDate "2016.07.13"]
[EventRounds "9"]
[EventCountry "RSA"]

1. Nf3 d5 2. g3 Nf6 3. Bg2 c6 4. O-O g6 5. d4 Bg7 6. c4 O-O 7. cxd5 cxd5 8. Nc3
Nc6 9. Bf4 Bf5 10. Rc1 {[%clk 1:27:14]} Rc8 {[%clk 1:15:43]} 11. Ne5
{[%clk 1:26:21]} Ne4 {[%clk 1:08:10]} 12. Nxc6 {[%clk 1:23:31]} bxc6
{[%clk 1:07:22]} 13. Nxe4 {[%clk 1:22:34]} Bxe4 {[%clk 1:07:24]} 14. Bh3
{[%clk 1:18:42]} e6 {[%clk 1:06:01]} 15. f3 {[%clk 1:18:20]} Bf5 {[%clk 1:04:26]}
16. g4 {[%clk 1:18:21]} g5 {[%clk 1:01:57]} 17. gxf5 {[%clk 1:18:31]} gxf4
{[%clk 1:02:21]} 18. fxe6 {[%clk 1:18:56]} f5 {[%clk 1:02:41]} 19. Qd2
{[%clk 1:05:57]} Qd6 {[%clk 1:00:10]} 20. e3 {[%clk 1:05:48]} fxe3
{[%clk 0:59:17]} 21. Qxe3 {[%clk 1:04:56]} Rce8 {[%clk 0:59:34]} 22. Qd3
{[%clk 0:54:27]} Rxe6 {[%clk 0:55:30]} 23. Bxf5 {[%clk 0:51:21]} Rh6
{[%clk 0:54:16]} 24. Rc2 {[%clk 0:50:03]} Qf4 {[%clk 0:50:45]} 25. Bd7
{[%clk 0:45:21]} Bxd4+ {[%clk 0:50:34]} 26. Kh1 {[%clk 0:45:44]} Rff6
{[%clk 0:49:03]} 27. b3 {[%clk 0:41:17]} Rhg6 {[%clk 0:44:09]} 28. Be8
{[%clk 0:33:34]} Rh6 {[%clk 0:30:53]} 29. Bd7 {[%clk 0:29:53]} Be5
{[%clk 0:24:23]} 30. Rff2 {[%clk 0:28:52]} Kf8 {[%clk 0:22:43]} 31. Bg4
{[%clk 0:20:13]} Bd4 {[%clk 0:18:50]} 32. Rfe2 {[%clk 0:18:39]} c5
{[%clk 0:18:42]} 33. Qb5 {[%clk 0:16:09]} Be3 {[%clk 0:18:56]} 34. Rc3
{[%clk 0:10:48]} Re6 {[%clk 0:12:20]} 35. Rg2 {[%clk 0:00:34]} Re7
{[%clk 0:10:11]} 36. Rd3 {[%clk 0:00:34]} Bd2 {[%clk 0:10:14]} 37. Qxc5
{[%clk 0:00:33]} Bb4 {[%clk 0:07:06]} 38. Qc8+ {[%clk 0:00:51]} Re8
{[%clk 0:05:33]} 39. Qf5+ {[%clk 0:01:14]} Qxf5 {[%clk 0:05:59]} 40. Bxf5
{[%clk 0:01:40]} Re1+ {[%clk 0:06:18]} 41. Rg1 {[%clk 0:02:05]} Re2
{[%clk 0:06:31]} 42. Rg2 {[%clk 0:02:24]} Re1+ {[%clk 0:06:22]} 43. Rg1
{[%clk 0:02:50]} Re2 {[%clk 0:06:42]} 44. h3 {[%clk 0:02:49]} Ra6
{[%clk 0:04:21]} 45. a4 {[%clk 0:02:51]} Bd6 {[%clk 0:04:27]} 46. Rgd1
{[%clk 0:02:53]} Rh2+ {[%clk 0:01:34]} 47. Kg1 {[%clk 0:03:18]} Bg3
{[%clk 0:01:53]} 48. f4 {[%clk 0:03:05]} 1-0

[Event "2016 Redpath Mining Millionaire Chess Open"]
[Site "Venue: Old Ed’s Sports Complex, Houghton, Johannesburg"]
[Date "2016.07.16"]
[Round "7"]
[Board "7"]
[White "Mbedza, Richard"]
[Black "Longano, Michael Nicholas"]
[Result "1-0"]
[WhiteElo "1947"]
[BlackElo "2042"]
[PlyCount "0"]
[EventDate "2016.07.13"]
[EventRounds "9"]
[EventCountry "RSA"]

1. e4 {[%clk 1:30:42]} g6 {[%clk 1:11:48]} 2. Nf3 {[%clk 1:28:50]} Bg7
{[%clk 1:12:09]} 3. d3 {[%clk 1:28:49]} d6 {[%clk 1:11:43]} 4. g3
{[%clk 1:28:54]} e5 {[%clk 1:11:24]} 5. Bg2 {[%clk 1:28:37]} f5 {[%clk 1:08:49]}
6. c3 {[%clk 1:28:25]} Nf6 {[%clk 1:08:50]} 7. Qb3 {[%clk 1:28:38]} Na6
{[%clk 1:07:49]} 8. Be3 {[%clk 1:28:36]} Qe7 {[%clk 1:06:43]} 9. Nbd2
{[%clk 1:28:33]} c6 {[%clk 1:06:19]} 10. O-O {[%clk 1:25:54]} Be6
{[%clk 1:05:41]} 11. Qc2 {[%clk 1:25:52]} O-O {[%clk 1:04:28]} 12. Ng5
{[%clk 1:24:39]} Bc8 13. h3 {[%clk 1:16:00]} h6 {[%clk 0:58:48]} 14. Ngf3
{[%clk 1:16:00]} g5 {[%clk 0:56:59]} 15. exf5 {[%clk 1:16:03]} Bxf5
{[%clk 0:57:16]} 16. Nh2 {[%clk 1:16:21]} Qd7 {[%clk 0:51:06]} 17. g4
{[%clk 1:15:49]} Bg6 {[%clk 0:47:50]} 18. Rfe1 {[%clk 1:10:11]} Nd5
{[%clk 0:40:09]} 19. Be4 {[%clk 1:10:25]} Qf7 {[%clk 0:38:26]} 20. Ndf1
{[%clk 1:08:54]} Nf4 {[%clk 0:38:02]} 21. Bxf4 {[%clk 1:09:01]} Bxe4
{[%clk 0:36:34]} 22. dxe4 {[%clk 1:08:03]} gxf4 {[%clk 0:30:58]} 23. Nf3
{[%clk 1:07:30]} Bf6 {[%clk 0:31:23]} 24. N1h2 {[%clk 1:07:14]} Kh8
{[%clk 0:30:48]} 25. Kh1 {[%clk 1:07:39]} Nc5 {[%clk 0:29:13]} 26. Rg1
{[%clk 1:03:49]} Qg6 {[%clk 0:27:02]} 27. Rae1 {[%clk 0:59:54]} d5
{[%clk 0:26:02]} 28. Nd2 {[%clk 0:59:52]} Bh4 {[%clk 0:21:11]} 29. Rgf1
{[%clk 1:00:08]} Rad8 {[%clk 0:19:02]} 30. b4 {[%clk 0:59:59]} Ne6
{[%clk 0:13:20]} 31. Nhf3 {[%clk 0:59:42]} Bf6 {[%clk 0:13:49]} 32. Qa4
{[%clk 0:59:28]} d4 {[%clk 0:13:33]} 33. c4 {[%clk 0:58:27]} Qf7 {[%clk 0:09:16]}
34. Rg1 {[%clk 0:56:13]} Rg8 {[%clk 0:07:43]} 35. Rg2 {[%clk 0:56:36]} c5
{[%clk 0:07:00]} 36. a3 {[%clk 0:55:52]} b6 {[%clk 0:07:15]} 37. Reg1
{[%clk 0:55:03]} Rg7 {[%clk 0:05:52]} 38. Rh2 {[%clk 0:51:45]} Rdg8
{[%clk 0:05:42]} 39. Qc6 {[%clk 0:51:26]} Qe7 {[%clk 0:05:03]} 40. Ne1
{[%clk 0:46:43]} Rd8 {[%clk 0:04:25]} 41. Nd3 {[%clk 0:46:45]} Ng5
{[%clk 0:03:37]} 42. h4 {[%clk 0:47:00]} Nf7 {[%clk 0:04:02]} 43. g5
{[%clk 0:47:25]} Rd6 {[%clk 0:03:22]} 44. gxf6 Rg8 1-0

[Event "2016 Redpath Mining Millionaire Chess Open"]
[Site "Venue: Old Ed’s Sports Complex, Houghton, Johannesburg"]
[Date "2016.07.16"]
[Round "7"]
[Board "8"]
[White "Wilken, Justin Barend"]
[Black "Mpya, Tshediso M"]
[Result "1-0"]
[WhiteElo "1854"]
[BlackElo "1941"]
[PlyCount "0"]
[EventDate "2016.07.13"]
[EventRounds "9"]
[EventCountry "RSA"]

1. e4 c6 2. Nf3 d5 3. Nc3 dxe4 4. Nxe4 Nf6 5. Nxf6+ exf6 6. Be2 Bd6 7. O-O O-O 8.
d4 Re8 9. c4 Bg4 10. h3 Bh5 11. Be3 Nd7 12. Qd2 f5 13. Rfe1 Qc7 14. c5 f4 15.
cxd6 fxe3 16. fxe3 Qxd6 17. Nh4 Bxe2 18. Qxe2 Re4 19. Nf5 Qg6 20. Rf1 Rae8 21.
Rf3 Qe6 22. Raf1 Kh8 23. Ng3 Rxe3 24. Rxe3 Qxe3+ 25. Qxe3 Rxe3 26. Rxf7 Rxg3 27.
Rxd7 Kg8 28. Rxb7 a5 29. Rb6 Rd3 30. Rxc6 Rxd4 31. Rc2 a4 32. Kf2 a3 33. b3 Rd3
34. Ke2 Rg3 35. Kd1 Kf7 36. Re2 h5 37. b4 g5 38. Kd2 Kf6 39. b5 g4 40. h4 1-0

[Event "2016 Redpath Mining Millionaire Chess Open"]
[Site "Venue: Old Ed’s Sports Complex, Houghton, Johannesburg"]
[Date "2016.07.16"]
[Round "7"]
[Board "9"]
[White "Mateus, Domingos"]
[Black "Priyanshu, Srivastava"]
[Result "1-0"]
[WhiteElo "1877"]
[BlackElo "1878"]
[PlyCount "0"]
[EventDate "2016.07.13"]
[EventRounds "9"]
[EventCountry "RSA"]

1. e4 c6 2. d4 d5 3. Nc3 dxe4 4. Nxe4 Bf5 5. Ng3 Bg6 6. h4 h6 7. h5 Bh7 8. Bd3
Bxd3 9. Qxd3 Nf6 10. Nf3 Nbd7 11. Bd2 e6 12. O-O-O Qc7 13. Kb1 O-O-O 14. c4 Bd6
15. Ne4 Nxe4 16. Qxe4 Nf6 17. Qe2 c5 18. Bc3 Rhe8 19. dxc5 Bxc5 20. Be5 Qb6 21.
Bh2 Ng4 {[%clk 1:02:45]} 22. Bg3 {[%clk 1:12:52]} Bxf2 {[%clk 1:02:45]} 23. c5
{[%clk 1:12:52]} Bxc5 {[%clk 1:02:45]} 24. Rc1 {[%clk 1:12:52]} Rd5
{[%clk 0:59:48]} 25. Rc4 {[%clk 1:12:05]} f5 {[%clk 0:51:29]} 26. Rhc1
{[%clk 1:11:48]} Kd7 {[%clk 0:50:45]} 27. Ka1 {[%clk 1:11:34]} a5
{[%clk 0:47:28]} 28. Qc2 {[%clk 1:09:47]} Ne3 {[%clk 0:44:49]} 29. Qa4+
{[%clk 1:08:35]} Ke7 {[%clk 0:42:27]} 30. Ne5 {[%clk 1:07:59]} Nxc4
{[%clk 0:35:47]} 31. Rxc4 {[%clk 1:06:33]} Qa6 {[%clk 0:26:33]} 32. Rc1
{[%clk 0:59:44]} Rc8 {[%clk 0:18:16]} 33. a3 {[%clk 0:53:29]} b5 {[%clk 0:16:47]}
34. Qh4+ {[%clk 0:52:54]} Ke8 {[%clk 0:16:37]} 35. Ng6 {[%clk 0:53:08]} Qb6
{[%clk 0:13:09]} 36. Be5 {[%clk 0:52:36]} b4 {[%clk 0:12:57]} 37. axb4
{[%clk 0:49:11]} axb4 {[%clk 0:12:50]} 38. Kb1 {[%clk 0:44:40]} Qa5
{[%clk 0:11:14]} 39. Bd6 {[%clk 0:41:55]} Qa7 {[%clk 0:10:25]} 40. Bxc5
{[%clk 0:41:24]} Rdxc5 {[%clk 0:10:31]} 41. Re1 {[%clk 0:41:51]} Qd7
{[%clk 0:09:11]} 42. Qg3 {[%clk 0:40:11]} Rd8 {[%clk 0:02:36]} 43. Nf4
{[%clk 0:40:38]} e5 {[%clk 0:00:52]} 44. Qb3 {[%clk 0:38:27]} Qd4
{[%clk 0:00:34]} 45. Qe6+ {[%clk 0:38:47]} Kf8 {[%clk 0:01:03]} 46. Qb3 Qd7 47.
Ne6+ {[%clk 0:39:15]} 1-0

[Event "2016 Redpath Mining Millionaire Chess Open"]
[Site "Venue: Old Ed’s Sports Complex, Houghton, Johannesburg"]
[Date "2016.07.16"]
[Round "7"]
[Board "10"]
[White "Baxter, David Jarred"]
[Black "Thabethe, Nhlanhla"]
[Result "0-1"]
[WhiteElo "1662"]
[BlackElo "1802"]
[PlyCount "0"]
[EventDate "2016.07.13"]
[EventRounds "9"]
[EventCountry "RSA"]

1. e4 {[%clk 1:30:55]} d5 {[%clk 1:28:02]} 2. exd5 {[%clk 1:31:20]} Qxd5
{[%clk 1:28:24]} 3. Nc3 {[%clk 1:31:46]} Qa5 {[%clk 1:28:46]} 4. d4
{[%clk 1:32:10]} c6 {[%clk 1:28:42]} 5. Nf3 {[%clk 1:31:42]} Bf5 {[%clk 1:25:57]}
6. Bd2 {[%clk 1:29:31]} Qc7 {[%clk 1:25:11]} 7. Bc4 {[%clk 1:28:44]} e6
{[%clk 1:25:15]} 8. O-O {[%clk 1:17:35]} Be7 {[%clk 1:25:30]} 9. Re1
{[%clk 1:13:25]} Nd7 {[%clk 1:22:06]} 10. Qe2 {[%clk 1:10:50]} Ngf6
{[%clk 1:19:02]} 11. Bb3 {[%clk 0:57:40]} O-O {[%clk 1:18:59]} 12. h3
{[%clk 0:48:51]} h6 {[%clk 1:18:52]} 13. Rad1 {[%clk 0:31:37]} Rfe8
{[%clk 1:19:02]} 14. Ne5 {[%clk 0:31:29]} Nxe5 {[%clk 1:17:22]} 15. dxe5
{[%clk 0:31:20]} Nd5 {[%clk 1:17:23]} 16. Qf3 {[%clk 0:21:26]} Bg6
{[%clk 1:17:21]} 17. Qg3 {[%clk 0:14:37]} a5 {[%clk 1:16:42]} 18. Ne2
{[%clk 0:13:40]} Kh7 {[%clk 1:12:52]} 19. Bxd5 {[%clk 0:10:02]} cxd5
{[%clk 1:12:40]} 20. c3 {[%clk 0:07:53]} Qb6 {[%clk 1:12:49]} 21. Bc1
{[%clk 0:07:46]} Bc5 {[%clk 1:11:08]} 22. Nf4 {[%clk 0:05:15]} Rf8
{[%clk 1:09:45]} 23. Nd3 {[%clk 0:03:51]} Be7 {[%clk 1:09:25]} 24. Be3
{[%clk 0:03:57]} Qb5 {[%clk 1:09:25]} 25. Bc1 {[%clk 0:02:52]} Qc4
{[%clk 1:09:20]} 26. a3 {[%clk 0:01:55]} Bh4 {[%clk 1:09:24]} 27. Qg4
{[%clk 0:00:41]} Bxd3 {[%clk 1:09:22]} 28. Rxd3 {[%clk 0:00:37]} Bxf2+
{[%clk 1:09:36]} 29. Kxf2 {[%clk 0:00:53]} Qxd3 {[%clk 1:09:58]} 30. Kg1
{[%clk 0:00:40]} b5 {[%clk 1:09:54]} 31. Be3 {[%clk 0:00:51]} Rac8
{[%clk 1:10:03]} 32. Qh4 Rc4 33. Qe7 Kg8 34. Kf2 {[%clk 0:00:00]} 0-1

[Event "2016 Redpath Mining Millionaire Chess Open"]
[Site "Venue: Old Ed’s Sports Complex, Houghton, Johannesburg"]
[Date "2016.07.16"]
[Round "7"]
[Board "11"]
[White "Agostinho, Diogo"]
[Black "Akande, Tunde"]
[Result "1-0"]
[WhiteElo "2055"]
[BlackElo "1726"]
[PlyCount "0"]
[EventDate "2016.07.13"]
[EventRounds "9"]
[EventCountry "RSA"]

1. e4 {[%clk 1:30:50]} c5 {[%clk 1:30:54]} 2. Nc3 {[%clk 1:31:14]} Nc6
{[%clk 1:31:17]} 3. g3 {[%clk 1:31:36]} g6 {[%clk 1:31:28]} 4. Bg2
{[%clk 1:32:02]} Bg7 {[%clk 1:31:45]} 5. Nge2 {[%clk 1:32:23]} e6
{[%clk 1:31:10]} 6. O-O {[%clk 1:32:47]} Nge7 {[%clk 1:31:25]} 7. d3
{[%clk 1:32:52]} O-O {[%clk 1:31:32]} 8. f4 {[%clk 1:32:35]} d5 {[%clk 1:30:36]}
9. g4 {[%clk 1:29:28]} d4 {[%clk 1:22:46]} 10. Nb1 {[%clk 1:29:30]} f5
{[%clk 1:22:08]} 11. gxf5 {[%clk 1:27:59]} exf5 {[%clk 1:22:09]} 12. Ng3
{[%clk 1:28:20]} Be6 {[%clk 1:21:18]} 13. Nd2 {[%clk 1:28:01]} Qd7
{[%clk 1:21:03]} 14. Nf3 {[%clk 1:27:08]} Bh6 {[%clk 1:10:07]} 15. Ng5
{[%clk 1:25:22]} Bxg5 {[%clk 1:08:19]} 16. fxg5 {[%clk 1:25:48]} Ne5
{[%clk 1:06:25]} 17. Bf4 {[%clk 1:25:27]} Nf7 {[%clk 1:05:54]} 18. Qe2
{[%clk 1:21:37]} Rae8 {[%clk 1:05:48]} 19. Rae1 {[%clk 1:20:23]} b5
{[%clk 1:05:21]} 20. Qd2 {[%clk 1:18:46]} Rc8 {[%clk 1:01:52]} 21. Qa5
{[%clk 1:16:18]} Rfe8 {[%clk 0:53:39]} 22. Re2 {[%clk 1:14:21]} c4
{[%clk 0:50:07]} 23. Rfe1 {[%clk 1:13:00]} fxe4 {[%clk 0:43:29]} 24. Nxe4
{[%clk 1:06:06]} Nd5 {[%clk 0:43:20]} 25. Qa6 {[%clk 1:04:09]} Bf5
{[%clk 0:42:53]} 26. Nf6+ {[%clk 0:53:46]} Nxf6 {[%clk 0:41:55]} 27. Qxf6
{[%clk 0:54:05]} cxd3 {[%clk 0:39:41]} 28. Re7 {[%clk 0:53:49]} Rxe7
{[%clk 0:37:59]} 29. Rxe7 {[%clk 0:53:54]} Qxe7 {[%clk 0:37:30]} 30. Qxe7
{[%clk 0:54:22]} dxc2 {[%clk 0:36:42]} 31. Bd5 {[%clk 0:53:51]} 1-0

[Event "2016 Redpath Mining Millionaire Chess Open"]
[Site "Venue: Old Ed’s Sports Complex, Houghton, Johannesburg"]
[Date "2016.07.16"]
[Round "7"]
[Board "12"]
[White "Avelino, Fernandes"]
[Black "Correia, Adelino"]
[Result "1-0"]
[WhiteElo "2013"]
[BlackElo "1649"]
[PlyCount "0"]
[EventDate "2016.07.13"]
[EventRounds "9"]
[EventCountry "RSA"]

1. e4 {[%clk 1:30:02]} c5 {[%clk 1:21:42]} 2. Bc4 {[%clk 1:29:05]} Nc6
{[%clk 1:21:46]} 3. a3 {[%clk 1:29:17]} Nf6 {[%clk 1:22:12]} 4. Nc3
{[%clk 1:29:29]} Ne5 {[%clk 1:21:17]} 5. Ba2 {[%clk 1:29:34]} d6 {[%clk 1:21:26]}
6. d3 {[%clk 1:29:22]} g6 {[%clk 1:21:29]} 7. Nge2 {[%clk 1:28:32]} Bg7
{[%clk 1:21:54]} 8. Ng3 {[%clk 1:28:36]} O-O {[%clk 1:22:21]} 9. f4
{[%clk 1:28:43]} Neg4 {[%clk 1:22:45]} 10. h3 {[%clk 1:28:37]} Nh6
{[%clk 1:23:13]} 11. O-O {[%clk 1:28:53]} e5 {[%clk 1:23:15]} 12. Nce2
{[%clk 1:27:25]} exf4 {[%clk 1:21:28]} 13. Bxf4 {[%clk 1:26:58]} Kh8
{[%clk 1:16:27]} 14. Qd2 {[%clk 1:26:49]} Nhg8 {[%clk 1:16:53]} 15. Rae1
{[%clk 1:26:40]} Ne7 {[%clk 1:17:02]} 16. Bg5 {[%clk 1:25:52]} Nc6
{[%clk 1:14:36]} 17. c3 {[%clk 1:24:39]} Ne5 {[%clk 1:14:43]} 18. d4
{[%clk 1:24:19]} cxd4 {[%clk 1:15:01]} 19. cxd4 {[%clk 1:24:32]} Ned7
{[%clk 1:13:36]} 20. Rf2 {[%clk 1:23:45]} Qb6 {[%clk 1:12:58]} 21. Ref1
{[%clk 1:23:33]} d5 {[%clk 1:12:20]} 22. e5 {[%clk 1:22:34]} Ne4 {[%clk 1:12:26]}
23. Nxe4 {[%clk 1:21:36]} dxe4 {[%clk 1:12:36]} 24. Be7 {[%clk 1:21:36]} Re8
{[%clk 1:11:33]} 25. Qg5 {[%clk 1:20:56]} Nf8 {[%clk 1:11:22]} 26. Rxf7
{[%clk 1:18:43]} Ne6 {[%clk 1:11:49]} 27. Qh4 {[%clk 1:17:37]} g5
{[%clk 1:09:58]} 28. Qxe4 {[%clk 1:17:16]} Bd7 {[%clk 1:09:52]} 29. Bf6
{[%clk 1:15:30]} Bc6 {[%clk 1:06:41]} 30. Bxe6 {[%clk 1:15:27]} Rxe6
{[%clk 1:02:45]} 31. Bxg7+ {[%clk 1:15:52]} Kg8 {[%clk 1:02:02]} 32. Qf5
{[%clk 1:15:40]} Be8 {[%clk 1:00:45]} 33. Bh6 {[%clk 1:13:52]} Rxh6
{[%clk 0:59:07]} 34. Rg7+ {[%clk 1:12:31]} Kxg7 {[%clk 0:59:02]} 35. Qf8+
{[%clk 1:11:57]} Kg6 {[%clk 0:58:00]} 36. Rf6+ {[%clk 1:12:11]} Qxf6
{[%clk 0:57:54]} 37. Qxf6+ {[%clk 1:11:57]} Kh5 {[%clk 0:58:22]} 38. g4+
{[%clk 1:12:12]} 1-0

[Event "2016 Redpath Mining Millionaire Chess Open"]
[Site "Venue: Old Ed’s Sports Complex, Houghton, Johannesburg"]
[Date "2016.07.16"]
[Round "7"]
[Board "13"]
[White "Tembo, Epah"]
[Black "Jacobs, Cavan"]
[Result "1-0"]
[WhiteElo "1919"]
[BlackElo "1697"]
[PlyCount "0"]
[EventDate "2016.07.13"]
[EventRounds "9"]
[EventCountry "RSA"]

1. e4 {[%clk 1:28:00]} c5 {[%clk 1:30:55]} 2. Nc3 {[%clk 1:27:23]} Nc6
{[%clk 1:31:08]} 3. g3 {[%clk 1:27:33]} g6 {[%clk 1:31:29]} 4. Bg2
{[%clk 1:27:54]} Bg7 {[%clk 1:31:55]} 5. d3 {[%clk 1:28:14]} Rb8 {[%clk 1:32:08]}
6. Be3 {[%clk 1:28:12]} b5 {[%clk 1:32:22]} 7. Qd2 {[%clk 1:26:36]} b4
{[%clk 1:32:32]} 8. Nd1 {[%clk 1:27:01]} d6 {[%clk 1:32:40]} 9. f4
{[%clk 1:26:48]} e5 {[%clk 1:30:01]} 10. Ne2 {[%clk 1:26:28]} Nf6
{[%clk 1:26:46]} 11. h3 {[%clk 1:26:29]} O-O {[%clk 1:26:14]} 12. O-O
{[%clk 1:26:49]} a5 {[%clk 1:25:28]} 13. f5 {[%clk 1:27:07]} Ne8 {[%clk 1:21:11]}
14. g4 {[%clk 1:27:07]} a4 {[%clk 1:18:04]} 15. Bh6 {[%clk 1:26:21]} f6
{[%clk 1:12:52]} 16. Bxg7 {[%clk 1:25:30]} Kxg7 {[%clk 1:12:56]} 17. h4
{[%clk 1:25:21]} a3 {[%clk 1:11:10]} 18. b3 {[%clk 1:25:29]} Nd4 {[%clk 1:06:51]}
19. Ng3 {[%clk 1:16:06]} Rb7 {[%clk 0:59:00]} 20. Ne3 {[%clk 1:16:08]} g5
{[%clk 0:57:24]} 21. hxg5 {[%clk 1:15:57]} fxg5 {[%clk 0:57:45]} 22. Nd5
{[%clk 1:10:00]} h6 {[%clk 0:56:41]} 23. Nh5+ {[%clk 1:08:56]} Kh7
{[%clk 0:52:51]} 24. Rf2 {[%clk 1:07:27]} Rbf7 {[%clk 0:50:33]} 25. Kh2
{[%clk 1:04:32]} Bb7 {[%clk 0:49:59]} 26. Ne3 {[%clk 1:04:10]} Nf6
{[%clk 0:48:09]} 27. Nxf6+ {[%clk 1:04:03]} Rxf6 {[%clk 0:48:13]} 28. Rh1
{[%clk 1:04:27]} Ne6 {[%clk 0:47:54]} 29. Nf1 {[%clk 0:59:29]} Nf4
{[%clk 0:47:57]} 30. Bf3 {[%clk 0:59:38]} Qe8 {[%clk 0:46:26]} 31. Ng3
{[%clk 0:59:34]} Rg8 {[%clk 0:45:46]} 32. Kg1 {[%clk 0:59:42]} Bc6
{[%clk 0:44:29]} 33. Rfh2 {[%clk 0:57:54]} Qf8 {[%clk 0:42:18]} 34. c3
{[%clk 0:57:31]} bxc3 {[%clk 0:42:14]} 35. Qxc3 {[%clk 0:57:52]} Bb5
{[%clk 0:42:15]} 36. Be2 {[%clk 0:57:21]} Qa8 {[%clk 0:40:52]} 37. Nh5
{[%clk 0:55:00]} Nxh5 {[%clk 0:39:36]} 38. Rxh5 {[%clk 0:55:27]} Qa7
{[%clk 0:38:35]} 39. Kg2 {[%clk 0:54:26]} Be8 {[%clk 0:37:25]} 40. R5h3
{[%clk 0:54:46]} Bf7 {[%clk 0:37:22]} 41. Kf3 {[%clk 0:54:10]} Rb8
{[%clk 0:37:07]} 42. Bd1 {[%clk 0:53:42]} Rb4 {[%clk 0:37:08]} 43. Qd2
{[%clk 0:54:02]} Kg7 {[%clk 0:35:17]} 44. Rxh6 {[%clk 0:53:49]} Rxh6
{[%clk 0:32:40]} 45. Qxg5+ {[%clk 0:53:39]} Rg6 {[%clk 0:32:09]} 46. Qh5
{[%clk 0:49:50]} Qa8 {[%clk 0:23:59]} 47. Qh7+ {[%clk 0:45:58]} Kf6
{[%clk 0:22:48]} 48. fxg6 {[%clk 0:46:13]} Bxg6 {[%clk 0:21:49]} 49. g5+
{[%clk 0:46:20]} Ke6 {[%clk 0:20:47]} 50. Qxg6+ {[%clk 0:46:34]} Kd7
{[%clk 0:21:07]} 51. Qf7+ {[%clk 0:46:33]} Kc6 {[%clk 0:20:52]} 52. Qd5+
{[%clk 0:46:55]} Kb6 {[%clk 0:20:28]} 53. Qxa8 {[%clk 0:47:14]} Rb5
{[%clk 0:20:56]} 54. Rh7 {[%clk 0:47:29]} c4 {[%clk 0:21:02]} 55. Qa7+
{[%clk 0:47:08]} 1-0